000 01228cam a2200301 i 4500
001 40246
003 Mx-PuUPA
005 20220611133516.0
008 140415s2019 nyua fr 000 0 spa d
020 _a9780815395171
_qrústica
040 _aMx-PuUPA
_bspa
_cMx-PuUPA
_dMx-PuUPA
_erda
041 0 _aeng
245 1 0 _aEnglish-medium :
_binstruction from an english as a lingua franca perspective exploring the higher education context /
_cedited by Kumiko Murata
264 1 _aNew York, NY :
_bRoutledge,
_c©2019
300 _axii, 289 páginas :
_bilustraciones ;
_c24 cm
336 _2rdacontent
_atexto
_btxt
337 _2rdamedia
_asin medio
_bn
338 _2rdacarrier
_avolumen
_bnc
500 _aRoutledge research in language education.-- Cubierta
650 7 _aInglés
_xEstudio y enseñanza (Superior)
_xEstudiantes extranjeros
_2armarc
650 7 _aInglés
_xEstudio y enseñanza (Superior)
_xPaíses extranjeros
_2armarc
650 7 _aInglés
_xGlobalización
_2armarc
700 1 _aMurata, Kumiko,
_d1952-
_eeditor
_912740
942 _2ddc
_cLI
_h42800711
_iE57
999 _c40246
_d40246